[Event "VIE-ch U07"]
[Site "Ho Chi Minh City"]
[Date "2014.07.15"]
[Round "4"]
[White "An, Dinh Minh"]
[Black "Xuan, Gia Huy"]
[Result "1-0"]
[WhiteElo "1386"]
[BlackElo "1403"]
[PlyCount "45"]
[EventDate "2014.07.13"]
[EventType "swiss"]
[EventRounds "9"]
[EventCountry "VIE"]
[SourceTitle "EXT 2016"]
[Source "ChessBase"]
[SourceDate "2015.10.08"]
[SourceVersion "1"]
[SourceVersionDate "2015.10.08"]
[SourceQuality "1"]

1. e4 c5 2. Nf3 d6 3. d3 Nc6 4. Be3 Nf6 5. h3 e5 6. Be2 Be7 7. 0-0 0-0 8. Nbd2 Be6 9. c3 Qc7 10. Qc2 d5 11. Ng5 Rfd8 12. Nxe6 fxe6 13. Bg5 d4 14. Bxf6 Bxf6 15. Nc4 Be7 16. Qb3 Qd7 17. Rad1 Bd6 18. Bg4 Re8 19. Nxd6 Qxd6 20. Qxb7 Rab8 21. Qa6 Rxb2 22. Bf3 Rb6 23. Qc4 1-0

[Event "VIE-ch U07"]
[Site "Ho Chi Minh City"]
[Date "2014.07.13"]
[Round "1"]
[White "Xuan, Gia Huy"]
[Black "Pham, Hoang Quan"]
[Result "0-1"]
[WhiteElo "1403"]
[BlackElo "1374"]
[PlyCount "80"]
[EventDate "2014.07.13"]
[EventType "swiss"]
[EventRounds "9"]
[EventCountry "VIE"]
[SourceTitle "EXT 2016"]
[Source "ChessBase"]
[SourceDate "2015.10.08"]
[SourceVersion "1"]
[SourceVersionDate "2015.10.08"]
[SourceQuality "1"]

1. c4 e5 2. Nc3 Nf6 3. Nf3 Nc6 4. e3 Bc5 5. d4 exd4 6. exd4 Bb4 7. Bd3 0-0 8. Bg5 Re8+ 9. Be2 Bxc3+ 10. bxc3 h6 11. Bh4 d6 12. 0-0 Bg4 13. d5 Ne5 14. Nxe5 Bxe2 15. Qxe2 Rxe5 16. Qf3 g5 17. Bg3 Re7 18. Qxf6 Kh7 19. Qf5+ Kg8 20. Qc2 h5 21. f3 Qe8 22. Rfe1 Rxe1+ 23. Rxe1 Qd7 24. Qe4 Qa4 25. Qe7 Qxc4 26. Qxg5+ Kf8 27. Qxh5 Qxc3 28. Bh4 Qc5+ 29. Bf2 Qc3 30. Bh4 Qc5+ 31. Kh1 Kg7 32. Qg5+ Kh8 33. Qe7 Kg8 34. Qe3 Qb4 35. Qd3 Qxh4 36. g3 Qf6 37. f4 b6 38. Rc1 Re8 39. Qf3 Qb2 40. Qf1 Re2 0-1